Người Nhật

Uloženo v:
Podrobná bibliografie
Hlavní autor: Pronikov, V.
Médium: Kniha
Jazyk:Undetermined
Vydáno: Tp. Hồ Chí Minh Tổng hợp Tp. Hồ Chí Minh 2004
Témata:
Tagy: Přidat tag
Žádné tagy, Buďte první, kdo otaguje tento záznam!
Thư viện lưu trữ: Trung tâm Học liệu Trường Đại học Cần Thơ
LEADER 00572nam a2200205Ia 4500
001 CTU_91925
008 210402s9999 xx 000 0 und d
020 |c 42000 
082 |a 952 
082 |b P962 
100 |a Pronikov, V. 
245 0 |a Người Nhật 
245 0 |c V. Pronikov, I. Ladanov; Đức Dương biên soạn 
260 |a Tp. Hồ Chí Minh 
260 |b Tổng hợp Tp. Hồ Chí Minh 
260 |c 2004 
650 |a Japan 
650 |x History 
904 |i Nguyên 
980 |a Trung tâm Học liệu Trường Đại học Cần Thơ